| 000 | 00555ckm a22001815a 4500 | ||
|---|---|---|---|
| 001 | L157650 | ||
| 008 | 130220q1837 xxk f 000 0 eng d | ||
| 035 | _a(Sirsi) u157650 | ||
| 041 | 0 | _aeng | |
| 245 | 0 | 0 |
_aViews of the bridges of London _bvol. I. London Bridge, drawings & prints |
| 260 | _c[1837?] | ||
| 300 |
_a1 v. _bcol. ill. _c64 cm. |
||
| 520 | _aA portfolio of prints and original drawings of London Bridge. | ||
| 583 |
_aCondition reviewed _c20120620 _lcondition level 3 |
||
| 651 | 4 | _aLondon | |
| 690 |
_aInfrastructure _96246 |
||
| 942 | _n0 | ||
| 999 |
_c114897 _d114897 |
||